000 00561nam a2200229Ia 4500
003 OSt
005 20220918200819.0
006 a|||||r|||| 00| 0
007 ta
008 220917b |||||||| |||| 00| 0 eng d
024 _a90,382
037 _cTextual
040 _aARTS
_cARTS
_beng
041 _2eng
_aeng
082 _aU8:498:N5, J21
100 _aEkvall Robert B
_995657
245 0 _aTibetan sky lines
260 _c1952
650 _aGEOGRAPHY
942 _hU8:498:N5, J21
_cTEXL
_2CC
999 _c214047
_d214047